Regiones de Chile - ¡Muerte súbita! - Estadísticas

Estadísticas generales
  • Esta prueba ha sido intentada 1.991 veces
  • La puntuación promedio es 7 de 16
Answers on the Grid
Answers color-coded by a green-red scale on the quiz's grid according to % correct below.
Arica y Parinacota
Antofagasta
Tarapacá
Atacama
Coquimbo
Valparaíso
Santiago
Libertador General Bernardo O’Higgins
Maule
Ñuble
Biobío
La Araucanía
Los Lagos
Los Ríos
Aysén del General Carlos Ibáñez del Campo
Magallanes y Antártica Chilena
Copiapó
Concepción
Punta Arenas
General Lagos
Taltal
Isla de Pascua
Tierra del Fuego
Madre de Dios
Ayacucho
Chubut
Tucumán
Santa Catarina
Capitán Arturo Prat Chacón
Almirante Manuel Blanco Encalada
Los Bosques
Diguillín
 
Estadísticas de respuestas
Respuesta % Correcto
Valparaíso
53%
Atacama
51%
Santiago
48%
Antofagasta
47%
Magallanes y Antártica Chilena
46%
Biobío
42%
Libertador General Bernardo O’Higgins
42%
Los Lagos
42%
Arica y Parinacota
41%
La Araucanía
41%
Los Ríos
41%
Ñuble
41%
Coquimbo
39%
Maule
38%
Aysén del General Carlos Ibáñez del Campo
36%
Tarapacá
36%
No se encontraron pruebas coincidentes
Distribución de puntuación
Porcentaje de gente con cada puntuación
Porcentaje por número respondido
Historial de tus puntuaciones
No has intentado esta prueba.